Tajemná země Rondo. Klíč /

Hlavní autor: Rodda, Emily, 1948-
Jazyk: Čeština
Vydáno: Praha : Fragment, 2009
Vydání: 1. vyd.
Témata:
Externí odkaz: Digitalizovaný dokument
Fyzický popis: 256 s. ; 24 cm
Knihy
Uloženo v:
LEADER 01566cam a2200433 a 4500
001 nkc20092008884
003 CZ PrNK
005 20091214165931.0
007 ta
008 091015s2009 xr c 000 f cze d
015 |a cnb002008884 
020 |a 978-80-253-0925-4  |q (váz.) 
035 |a (OCoLC)500012485 
040 |a KLG001  |b cze  |d ABA001  |d BOA001 
041 1 |a cze  |h eng 
072 7 |a 821.111-3  |x Anglická próza, anglicky psaná  |2 Konspekt  |9 25 
072 7 |a 821-93  |x Literatura pro děti a mládež (beletrie)  |2 Konspekt  |9 26 
080 |a 821-93  |2 MRF 
080 |a 821.111(94)-31  |2 MRF 
080 |a (0:82-312.9)  |2 MRF 
100 1 |a Rodda, Emily,  |d 1948-  |7 jo2004213847  |4 aut 
245 1 0 |a Tajemná země Rondo.  |p Klíč /  |c Emily Roddaová ; [z anglického originálu ... přeložila Edita Drozdová] 
246 3 0 |a Klíč 
250 |a 1. vyd. 
260 |a Praha :  |b Fragment,  |c 2009 
300 |a 256 s. ;  |c 24 cm 
655 7 |a australské romány  |7 fd131842  |2 czenas 
655 7 |a fantasy romány  |7 fd184199  |2 czenas 
655 7 |a publikace pro děti  |7 fd133156  |2 czenas 
655 9 |a Australian fiction  |2 eczenas 
655 9 |a fantasy novels  |2 eczenas 
655 9 |a children's literature  |2 eczenas 
765 0 |t Key to Rondo  |9 Česky 
856 4 1 |u http://www.digitalniknihovna.cz/mzk/uuid/uuid:ef3b2af0-1d57-11e4-8e0d-005056827e51  |y Digitalizovaný dokument  |x NDK 
910 2 |a BOA001  |b 2-1233.088 
990 |a BK 
995 |a 01 
991 |b 200911 
996 6 |b 2610395871  |c 2-1233.088  |l MZK  |r Sklad / do 1 hodiny  |n 0  |p p.v.  |w 000975137  |u 000010  |a 1  |e BOA001  |j MZK50  |s P